[Event "BUL-chT"]
[Site "Bankia"]
[Date "1991.??.??"]
[Round "8"]
[White "Manolov, Ivan"]
[Black "Chakov, Plamen"]
[Result "1-0"]
[WhiteElo "2380"]
[BlackElo "2370"]

1.e4 c5 2.Nf3 Nc6 3.Bb5 e6 4.Bxc6 bxc6 5.e5 Ne7 6.O-O Ng6 7.Re1 Be7 8.Nc3 f6
9.exf6 Bxf6 10.Ne4 Be7 11.d4 cxd4 12.Qxd4 O-O 13.Bg5 Bxg5 14.Nexg5 Qf6 15.c4 Nf4
16.Qe4 g6 17.Qe5 Qe7 18.Rad1 h6 19.Ne4 d5 20.Nd6 Nh3+ 21.gxh3 Rxf3 22.cxd5 cxd5
23.Rxd5 Bd7 24.Qe4 Rxh3 25.Qxg6+ Qg7 26.Qxg7+ Kxg7 27.Rc5 Rd3 28.Nc4 Kf6
29.Re3 Rd1+ 30.Kg2 Rc8 31.Rxc8 Bxc8 32.Rf3+ Kg7 33.Ra3 Bb7+ 34.Kg3 a6 35.Ne3 h5
36.Nxd1  1-0

[Event "Bardejov"]
[Site "Bardejov"]
[Date "1991.??.??"]
[Round "?"]
[White "Titov, German"]
[Black "Plachetka, Jan"]
[Result "1-0"]
[WhiteElo "2480"]
[BlackElo "2425"]

1.e4 c5 2.Nf3 Nc6 3.Bb5 g6 4.Bxc6 bxc6 5.O-O Bg7 6.Re1 e5 7.c3 Ne7 8.d4 cxd4
9.cxd4 exd4 10.Nxd4 O-O 11.Nc3 Re8 12.Bf4 Ba6 13.Qd2 d5 14.exd5 cxd5 15.Be5 Qd7
16.Bxg7 Kxg7 17.Re5 Bb7 18.Rae1 Ng8 19.f3 Rxe5 20.Rxe5 Re8 21.Qe3 Nf6 22.Rxe8 Qxe8
23.Qxe8 Nxe8 24.Kf2 Kf6 25.Ke3 Ke5 26.Na4 Nd6 27.b3 Nc8 28.Nc5 Ba8 29.Nb5 Bc6
30.Nd3+ Ke6 31.Nd4+ Kd6 32.Nxc6 Kxc6 33.Kd4 Kd6 34.Ne5 f6 35.Ng4 Ke6 36.b4 Ne7
37.b5 f5 38.Nf2 Kd6 39.Nd3 g5 40.f4 h6 41.Ne5 gxf4 42.a4 h5 43.a5 f3 44.gxf3 f4
45.Nf7+ Ke6 46.Kc5 d4 47.Ng5+ Kf5 48.b6 axb6+ 49.axb6 d3 50.Ne4 Ng6 51.b7 Ne5
52.Kd6 Nxf3 53.Nf2  1-0

[Event "Pan American"]
[Site "Bariloche"]
[Date "1991.??.??"]
[Round "8"]
[White "Estrada Nieto, Julian"]
[Black "Silva, Sebastain"]
[Result "1/2-1/2"]
[WhiteElo "2260"]
[BlackElo "2355"]

1.e4 c5 2.Nf3 Nc6 3.Bb5 g6 4.O-O Bg7 5.c3 Nf6 6.Re1 O-O 7.d4 cxd4 8.e5 Nd5
9.cxd4 d6 10.Nc3 Nc7 11.Bxc6 bxc6 12.Bg5 d5 13.Qd2 Bg4 14.Qf4 Bxf3 15.Qxf3 Ne6
16.Be3 Qa5 17.a3 Rfb8 18.b4 Qd8 19.b5 cxb5 20.Nxd5 Qd7 21.Nb4 Nd8 22.Rac1 e6
23.Nd3 Rc8 24.Nc5 Qd5 25.Ne4 Nb7 26.Nf6+ Bxf6 27.Qxf6 Qd8 28.Qf3 Na5 29.Qg3 Rxc1
30.Rxc1 Rc8 31.Rxc8 Qxc8 32.Qh4 Nc6 33.h3 Qd8 34.Qe4 Ne7 35.Qb7 Qe8 36.Qxa7 Kg7
37.Qc5 Nd5 38.Bd2 h5 39.Kf1 Qa8 40.Qc1 Qe8 41.Kg1 Qb8 42.Qc5 Qe8 43.Bb4 Kg8
44.Bd2 Kg7  1/2-1/2

[Event "Beersheba-B"]
[Site "Beersheba"]
[Date "1991.??.??"]
[Round "?"]
[White "Shahal, Nir"]
[Black "Berkovich, Mark A"]
[Result "1/2-1/2"]
[WhiteElo "2200"]
[BlackElo "2405"]

1.e4 c5 2.Nf3 Nc6 3.Bb5 g6 4.Bxc6 dxc6 5.d3 Bg7 6.Nc3 Nf6 7.Be3 Qa5 8.O-O c4
9.d4 Bg4 10.h3 Bxf3 11.Qxf3 O-O 12.Qe2 b5 13.a3 e6 14.f3 Qc7 15.Qf2 Nh5 16.f4 Rad8
17.g4 Nf6 18.Qf3 a6 19.Kg2 c5 20.e5 Nd5 21.Nxd5 Rxd5 22.dxc5 g5 23.Rad1 Rxd1
24.Rxd1 gxf4 25.Qxf4 Bxe5 26.Qg5+ Kh8  1/2-1/2

[Event "Bern op"]
[Site "Bern"]
[Date "1991.??.??"]
[Round "4"]
[White "Zolnierowicz, Krzysztof"]
[Black "Mascarinas, Rico"]
[Result "0-1"]
[WhiteElo "2370"]
[BlackElo "2410"]

1.e4 c5 2.Nf3 Nc6 3.Bb5 d6 4.c3 Qa5 5.Ba4 Nf6 6.d3 b5 7.Bc2 Bg4 8.O-O e5
9.Nbd2 Be7 10.a4 b4 11.Nc4 Qc7 12.Ne3 Bh5 13.Nf5 O-O 14.Ng3 Bg4 15.h3 Bc8
16.Re1 Rd8 17.Bb3 h6 18.Nh4 Na5 19.Bc2 b3 20.Bb1 d5 21.exd5 Nxd5 22.Nhf5 Bg5
23.Bxg5 hxg5 24.Qh5 f6 25.d4 Nf4 26.Qf3 Bb7 27.Be4 Bxe4 28.Qxe4 Nc4 29.dxe5 Nxe5
30.h4 gxh4 31.Qxf4 hxg3 32.Qxg3 Rd3 33.Qh4 Qd7 34.Qe4 Rd8 35.f4 Ng6 36.Nd4 Nxf4
37.Nxb3 Qg4 38.Nxc5 Rd2  0-1

[Event "POL-chB"]
[Site "Bielsko-Biala"]
[Date "1991.??.??"]
[Round "1"]
[White "Gdanski, Jacek"]
[Black "Lewinski, Dominik"]
[Result "1-0"]
[WhiteElo "2420"]
[BlackElo "2265"]

1.e4 c5 2.Nf3 Nc6 3.Bb5 d6 4.O-O Bd7 5.c3 a6 6.Ba4 b5 7.Bc2 e5 8.h3 Nf6 9.d4 Qc7
10.Nbd2 Rc8 11.dxc5 dxc5 12.Re1 Rd8 13.Qe2 Be7 14.a4 O-O 15.Nf1 Nh5 16.axb5 axb5
17.g3 g6 18.h4 c4 19.Bh6 Rfe8 20.Ne3 Qb7 21.Nd5 Bg4 22.Qe3 Ra8 23.Nh2 Be6
24.Nxe7+ Nxe7 25.Rxa8 Rxa8 26.Bd1 Qa7 27.Qd2 Qc5 28.Bxh5  1-0

[Event "POL-chB"]
[Site "Bielsko-Biala"]
[Date "1991.??.??"]
[Round "2"]
[White "Jaracz, Pawel"]
[Black "Bojczuk, Zygmunt"]
[Result "1-0"]
[WhiteElo "2300"]
[BlackElo "2295"]

1.e4 c5 2.Nf3 Nc6 3.Bb5 g6 4.O-O Bg7 5.c3 Nf6 6.Re1 O-O 7.d4 cxd4 8.e5 Nd5
9.cxd4 d6 10.Nc3 dxe5 11.Bxc6 bxc6 12.Nxe5 Qc7 13.Na4 Rb8 14.b3 Rd8 15.Qf3 e6
16.Bb2 Bb7 17.Nc5 Rbc8 18.Rac1 Ba8 19.h4 Qe7 20.g3 Qf6 21.Qe2 Qf5 22.a3 Rc7
23.Red1 Qf6 24.h5 Qe7 25.hxg6 hxg6 26.Rd3 Nf6 27.Bc3 Rd5 28.Bb4 Qe8 29.Na6 Rc8
30.Nc5 Nh7 31.Qe3 Rcd8 32.Ba5 Rc8 33.Kg2 Qe7 34.Bb4 Qg5 35.f4 Qd8 36.Nxf7 Rxd4
37.Nxd8  1-0

[Event "POL-chB"]
[Site "Bielsko-Biala"]
[Date "1991.??.??"]
[Round "5"]
[White "Seifert, Henryk"]
[Black "Ciemniak, Robert"]
[Result "1/2-1/2"]
[WhiteElo "2340"]
[BlackElo "2230"]

1.e4 c5 2.Nf3 Nc6 3.Bb5 e6 4.O-O Nge7 5.c3 d5 6.exd5 Qxd5 7.Re1 a6 8.Bf1 Nf5
9.Na3 Qd8 10.Nc2 Be7 11.Ne3 Nxe3 12.dxe3 O-O 13.e4 e5 14.Be3  1/2-1/2

[Event "POL-chB"]
[Site "Bielsko-Biala"]
[Date "1991.??.??"]
[Round "5"]
[White "Gdanski, Jacek"]
[Black "Sopur, Lech"]
[Result "1-0"]
[WhiteElo "2420"]
[BlackElo "2280"]

1.e4 c5 2.Nf3 Nc6 3.Bb5 e6 4.Bxc6 bxc6 5.b3 d5 6.Qe2 Nf6 7.e5 Nd7 8.c4 a5
9.d3 a4 10.bxa4 Rxa4 11.Nc3 Ra7 12.Bg5 Be7 13.Bxe7 Qxe7 14.O-O O-O 15.Rab1 Qd8
16.Rb3 Ba6 17.Rfb1 Qc7 18.h3 Rb8 19.Rxb8+ Nxb8 20.Qd2 Rb7 21.Rxb7 Qxb7 22.Na4 Nd7
23.Qa5 h6 24.Qd8+ Kh7 25.Qe8 dxc4 26.Qxf7 cxd3 27.Qxe6 Qb1+ 28.Kh2 Qb4 29.Qf5+ Kg8
30.e6 Nf6 31.Nxc5 Bc8 32.Nxd3 Qd6+ 33.Nf4 Nd5 34.Qf7+ Kh7 35.g3 Nxf4 36.Qxf4 Qxf4
37.gxf4 Bxe6 38.a4 c5 39.a5 Bd5 40.Ne5 Bb7 41.Kg3 g6 42.f3 Kg7 43.Kf2 Bc8
44.Nd3 c4 45.Nc5 c3 46.Ke3 Kf6 47.Ne4+ Ke7 48.h4 c2 49.Kd2 Ba6 50.Kxc2 Be2
51.Kd2 Bxf3 52.Ke3 Bg4 53.Nc5 Bc8 54.a6 Bxa6 55.Nxa6 Kf6 56.Ke4 g5 57.hxg5+ hxg5
58.f5 g4 59.Nc7 g3 60.Nd5+ Kg5  1-0

[Event "POL-chB"]
[Site "Bielsko-Biala"]
[Date "1991.??.??"]
[Round "7"]
[White "Seifert, Henryk"]
[Black "Sopur, Lech"]
[Result "1-0"]
[WhiteElo "2340"]
[BlackElo "2280"]

1.e4 c5 2.Nf3 Nc6 3.Bb5 e6 4.Bxc6 bxc6 5.O-O c4 6.Ne5 Ba6 7.Qe2 Qc7 8.Nf3 d5
9.Re1 Nf6 10.e5 Nd7 11.b3 Be7 12.bxc4 Bxc4 13.d3 Ba6 14.Bg5 Bxg5 15.Nxg5 h6
16.Qh5 g6 17.Qh3 Ke7 18.Nf3 g5 19.Nbd2 Rag8 20.Qg4 h5 21.Qb4+ Ke8 22.Qa3 g4
23.Qxa6 gxf3 24.Nxf3 Rg4 25.h3 Rb4 26.c4 Nb6 27.c5 Na4 28.d4 Kd7 29.a3 Rc4
30.Reb1 Rb8 31.Rb4 Nb2 32.Rxb8 Qxb8 33.Rb1 Rc2 34.Ne1 Rd2 35.Qa5 Rxd4 36.Qc3 Na4
37.Qc1 Qxe5 38.Nf3 Qe4 39.Nxd4 Nc3 40.Rb7+ Kc8 41.Qxc3 Kxb7 42.Qb4+  1-0

[Event "POL-chB"]
[Site "Bielsko-Biala"]
[Date "1991.??.??"]
[Round "8"]
[White "Kaula, Roman"]
[Black "Pisarek, Aleksander"]
[Result "1-0"]
[WhiteElo "2310"]
[BlackElo "2340"]

1.e4 c5 2.Nf3 Nc6 3.Bb5 e6 4.O-O Nge7 5.Nc3 Nd4 6.Nxd4 cxd4 7.Ne2 Nc6 8.c3 dxc3
9.dxc3 Be7 10.Ng3 Qa5 11.a4 a6 12.Be2 O-O 13.Be3 d5 14.exd5 exd5 15.Qb3 Qd8
16.Rad1 Be6 17.Qc2 g6 18.f4 f5 19.Bf3 Qc7 20.Ne2 Rfd8 21.Nd4 Bf7 22.g3 Rac8
23.Rfe1 Bf6 24.Qf2 Na5 25.Nxf5 gxf5 26.Bb6 Qc4 27.Bxa5 Re8 28.Rxe8+ Rxe8
29.Bb6 Qxa4 30.Bd4 Bxd4 31.Qxd4 Qxd4+ 32.Rxd4 Re1+ 33.Kf2 Rc1 34.Rd2 Kf8
35.Ke3 Ke7 36.Bxd5 Bxd5 37.Rxd5 Rc2 38.Rd2 Rc1 39.Kd4 Kd6 40.Kc4+ Kc6 41.Re2 b5+
42.Kb4  1-0

[Event "BRA-ch m"]
[Site "?"]
[Date "1991.??.??"]
[Round "1"]
[White "Matsuura, Everaldo"]
[Black "Van Riemsdijk, Herman C"]
[Result "1-0"]
[WhiteElo "2330"]
[BlackElo "2460"]

1.e4 c5 2.Nf3 Nc6 3.Bb5 g6 4.O-O Bg7 5.c3 Nf6 6.Re1 O-O 7.d4 cxd4 8.cxd4 d5
9.e5 Ne8 10.h3 Nc7 11.Bxc6 bxc6 12.Nc3 Ne6 13.b3 f6 14.exf6 Bxf6 15.Bh6 c5
16.Bxf8 Kxf8 17.Ne2 cxd4 18.Nexd4 Nxd4 19.Nxd4 e5 20.Nc6 Qd6 21.Rc1 Bd7 22.Na5 Rb8
23.Nc4 Qe6 24.Ne3 d4 25.Ng4 Bg7 26.Nxe5 Bxe5 27.f4 d3 28.Rxe5 Qb6+ 29.Kh1 Bb5
30.Rcc5 Ba6 31.f5 Kg8 32.fxg6 hxg6 33.Qg4 Rf8 34.Re6 Rf1+ 35.Kh2 Qxc5 36.Qxg6+ Kh8
37.Qh6+ Kg8 38.Rg6+ Kf7 39.Rg7+ Ke8 40.Qe6+  1-0

[Event "Brno Morava-D"]
[Site "Brno"]
[Date "1991.??.??"]
[Round "5"]
[White "Kapengut, Albert Z"]
[Black "Babula, Vlastimil"]
[Result "1-0"]
[WhiteElo "2450"]
[BlackElo "2330"]

1.e4 c5 2.Nf3 Nc6 3.Bb5 g6 4.O-O Bg7 5.Re1 Nf6 6.c3 a6 7.Bxc6 dxc6 8.h3 O-O
9.d4 cxd4 10.cxd4 c5 11.e5 Nd5 12.dxc5 Be6 13.Qd4 Qc7 14.Qh4 Qxc5 15.Nbd2 Bf5
16.Nb3 Qc8 17.Bh6 Bxh6 18.Qxh6 f6 19.Rac1 Qe8 20.exf6 Nxf6 21.Rc7  1-0

[Event "Brno Morava-D"]
[Site "Brno"]
[Date "1991.??.??"]
[Round "7"]
[White "Kapengut, Albert Z"]
[Black "Hrbolka, Ladislav"]
[Result "1-0"]
[WhiteElo "2450"]
[BlackElo "2310"]

1.e4 c5 2.Nf3 Nc6 3.Bb5 Qb6 4.Nc3 e6 5.O-O Nge7 6.Re1 a6 7.Bf1 d6 8.a3 Ng6
9.Rb1 Qc7 10.Ne2 Be7 11.d4 cxd4 12.Nexd4 Nxd4 13.Nxd4 O-O 14.c4 Rd8 15.b4 b6
16.Bb2 Bb7 17.Rc1 Rac8 18.Qh5 Bf6 19.Rc2 Bxd4 20.Bxd4 e5 21.Bb2 Nf4 22.Qd1 Qe7
23.Re3 g5 24.Rd2 Kh8 25.g3 Qe6 26.f3 Ng6 27.Red3 d5 28.cxd5 Qd6 29.Bh3 Rc7  1-0

[Event "Brno Morava-B"]
[Site "Brno"]
[Date "1991.??.??"]
[Round "8"]
[White "Hracek, Zbynek"]
[Black "Kuporosov, Viktor"]
[Result "1/2-1/2"]
[WhiteElo "2455"]
[BlackElo "2500"]

1.e4 c5 2.Nf3 Nc6 3.Bb5 e6 4.O-O Nge7 5.c3 a6 6.Ba4 b5 7.Bc2 d5 8.d4 cxd4
9.exd5 Nxd5 10.Nxd4 Bb7 11.a4 b4 12.Be4 Rc8 13.Nxc6 Bxc6 14.Qe2 Qb6 15.Rd1 Be7
16.c4 Nf6 17.Be3 Qb7 18.Bxc6+ Qxc6 19.Nd2 O-O 20.Rdc1 Rfd8 21.Nb3 Qe4 22.c5 Qd3
23.Qxd3  1/2-1/2

[Event "Brocco op"]
[Site "Brocco"]
[Date "1991.??.??"]
[Round "9"]
[White "Gavrikov, Viktor"]
[Black "Bhend, Edwin"]
[Result "1/2-1/2"]
[WhiteElo "2580"]
[BlackElo "2315"]

1.e4 c5 2.Nf3 Nc6 3.Bb5 g6 4.Bxc6 bxc6 5.O-O Bg7 6.Re1 e5 7.d3 d6 8.a3 a5
9.a4 Nf6 10.Na3 O-O 11.Bd2 Ne8 12.Bc3 f6 13.Nd2 Be6  1/2-1/2

[Event "Bucharest (Women)"]
[Site "Bucharest"]
[Date "1991.??.??"]
[Round "?"]
[White "Voronova, Tatiana"]
[Black "Teodorescu, Margareta"]
[Result "1-0"]
[WhiteElo "2200"]
[BlackElo "2100"]

1.Nf3 c5 2.e4 Nc6 3.Bb5 Nd4 4.Nxd4 cxd4 5.c4 e5 6.O-O Nf6 7.d3 Bd6 8.f4 Qc7
9.f5 b6 10.a3 Bb7 11.Nd2 Be7 12.Ba4 g6 13.Qf3 g5 14.Re1 h5 15.Nf1 g4 16.Qe2 O-O-O
17.Bg5 d6 18.Bxf6 Bxf6 19.Rec1 Rdg8 20.b4 Bg5 21.Rc2 Qd8 22.Rb1 h4 23.Bb3 Bf4
24.Ba2 Rh7 25.c5 b5 26.cxd6+ Kb8 27.Rc5 Qb6 28.Rb2 g3 29.h3  1-0

[Event "Escom IM-B"]
[Site "Budapest"]
[Date "1991.??.??"]
[Round "3"]
[White "Vujosevic, Vladimir"]
[Black "Berebora, Ferenc"]
[Result "1/2-1/2"]
[WhiteElo "2380"]
[BlackElo "2310"]

1.e4 c5 2.Nf3 Nc6 3.Bb5 d6 4.O-O Bd7 5.c3 Nf6 6.Re1 a6 7.Ba4 c4 8.Bc2 Rc8
9.b3 b5 10.a4 Ne5 11.axb5 axb5 12.Nxe5 dxe5 13.d3 cxb3 14.Bxb3 e6 15.Qf3 b4
16.Bd2 bxc3 17.Bxc3 Bd6 18.Ba5 Qe7 19.Nd2 Bc5 20.Nc4 Bd4 21.Rab1 O-O 22.Bd2 Bb5
23.Bg5  1/2-1/2

[Event "Zeus (Women)"]
[Site "Budapest"]
[Date "1991.??.??"]
[Round "5"]
[White "Csoke, Adrienn"]
[Black "Erenska Radzewska, Hanna"]
[Result "1/2-1/2"]
[WhiteElo "2170"]
[BlackElo "2250"]

1.e4 c5 2.Nf3 Nc6 3.Bb5 e6 4.O-O Qb6 5.a4 d6 6.Nc3 Bd7 7.Re1 Be7 8.d3 Nf6
9.Be3 O-O 10.d4 cxd4 11.Nxd4 Qc7 12.Bf1 Rac8 13.Ndb5 Qb8 14.f4 b6 15.Bf2 Rfd8
16.Na3 Nb4 17.Qe2 e5 18.f5 Re8 19.Rad1 d5 20.exd5 Rxc3 21.bxc3 Nbxd5 22.Nb1 Bxf5
23.Qxe5 Qxe5 24.Rxe5 Bxc2 25.Rde1 Bxb1 26.Rxb1 Nxc3 27.Rbe1 Kf8 28.Bd4 Bb4
29.Rxe8+ Nxe8 30.Rc1 Nd5 31.Rc8 Ke7 32.Ra8 a5 33.Ra7+ Nec7 34.Bxb6 Kd6 35.Bf2 Kc6
36.Bc4 Nb6 37.Be2 Nxa4 38.Bf3+ Kd7 39.Rb7 Nc5 40.Rb6 Nd3 41.Rc6 Nxf2 42.Kxf2 Bd6
43.h3 a4 44.Rc2 a3 45.Bc6+ Ke6 46.Re2+ Be5 47.Ba4 Kd6 48.Bb3 Bd4+ 49.Ke1 f6
50.Kd1 h5 51.Kc2 g5 52.Bf7 h4 53.Kb3 Bb2 54.Bc4 Kc5 55.Re7 Kc6 56.Re2 Kc5
57.Re7 Na8 58.Re2 Nb6 59.Be6 Kd6 60.Re1 Be5 61.Bg4  1/2-1/2

[Event "Spring op"]
[Site "Budapest"]
[Date "1991.??.??"]
[Round "5"]
[White "Shtyrenkov, Veniamen"]
[Black "Almasi, Istvan"]
[Result "1-0"]
[WhiteElo "2415"]
[BlackElo "2280"]

1.e4 c5 2.Nf3 Nc6 3.Bb5 e6 4.O-O Nge7 5.Re1 a6 6.Bf1 d5 7.exd5 Nxd5 8.d4 Be7
9.dxc5 O-O 10.a3 Bxc5 11.b4 Ba7 12.c4 Nf6 13.Bb2 Ng4 14.c5 b6 15.Qxd8 Rxd8
16.h3 Nf6 17.cxb6 Bxb6 18.Nbd2 Bb7 19.Rac1 Rac8 20.Nb3 a5 21.b5 Ne7 22.Bd4 Bxd4
23.Nfxd4 a4 24.Na5 Rxd4 25.Nxb7 Nfd5 26.Nd6 Rd8 27.Nc4 Rb8 28.Ne5 Rd2 29.Re4 Nb6
30.Nc4 Rc8 31.Rb1 Nxc4 32.Rxc4 Rb8 33.Rxa4 Nd5 34.Ra7 Kf8 35.Rc1 g5 36.a4 Rd4
37.a5 g4 38.hxg4 Rxg4 39.g3 e5 40.Rc5 Rd4 41.Bc4 Ne7 42.Rxe5 Nc6 43.Rxf7+ Kg8
44.Rg5+ Kh8 45.Bb3  1-0

[Event "Zeus (Women)"]
[Site "Budapest"]
[Date "1991.??.??"]
[Round "6"]
[White "Erenska Radzewska, Hanna"]
[Black "Rajcsanyi, Zita"]
[Result "1-0"]
[WhiteElo "2250"]
[BlackElo "2115"]

1.e4 c5 2.Nf3 Nc6 3.Bb5 g6 4.O-O Bg7 5.c3 Nf6 6.Re1 O-O 7.h3 Qb6 8.Na3 d5
9.e5 Ne8 10.d4 cxd4 11.Bxc6 bxc6 12.Qxd4 Nc7 13.Qh4 Re8 14.Nc2 c5 15.b3 Ne6
16.Ne3 Bb7 17.Ng4 d4 18.Ng5 h5 19.Nh2 dxc3 20.Qc4 Nxg5 21.Bxg5 Qc6 22.Nf3 Kh7
23.Qxc3 Rad8 24.Rad1 Rd5 25.Rxd5 Qxd5 26.Be3 Rc8 27.Rc1 f6 28.Qc4 Qxc4 29.Rxc4 Bxf3
30.gxf3 fxe5 31.Rxc5 Rxc5 32.Bxc5 a6 33.Bxe7 Kg8 34.Kf1 Kf7 35.Bb4 Ke6 36.Ke2 Kd5
37.Kd3 Bf6 38.Ba5 Bh4 39.Bb6 Bf6 40.b4 Bg7 41.a4 Bf8 42.b5 axb5 43.axb5 Bd6
44.Bd8 Bc5 45.b6 Bxf2 46.b7 Ba7 47.Bc7 Ke6 48.Ke4 Kf6 49.Bxe5+ Kg5 50.Bg3 Kf6
51.Bf4  1-0

[Event "Cansys IM-B"]
[Site "Budapest"]
[Date "1991.??.??"]
[Round "6"]
[White "Vujosevic, Vladimir"]
[Black "Von Herman, Ulf"]
[Result "1/2-1/2"]
[WhiteElo "2380"]
[BlackElo "2205"]

1.e4 c5 2.Nf3 Nc6 3.Bb5 g6 4.O-O Bg7 5.c3 Nf6 6.Re1 O-O 7.h3 a6 8.Bxc6 dxc6
9.d4 cxd4 10.cxd4 Nd7 11.Nc3 c5 12.Be3 cxd4 13.Bxd4 Nf6 14.Qe2 Qa5 15.Qe3 Be6
16.Bb6 Qh5 17.Nd4 Bc4 18.Nde2 Nd7 19.Nf4 Qe5 20.Nfd5 Bxd5 21.exd5 Qxe3 22.Bxe3 Be5
23.Rad1 f6 24.Bd4 Kf7 25.Bxe5 Nxe5 26.Re4 Rfe8 27.Rb4 Rab8 28.a4  1/2-1/2

[Event "Utasellato NK"]
[Site "Budapest"]
[Date "1991.??.??"]
[Round "7"]
[White "Grabert, Ralf"]
[Black "Balogh, Bela"]
[Result "1/2-1/2"]
[WhiteElo "2305"]
[BlackElo "2270"]

1.e4 c5 2.Nf3 Nc6 3.Bb5 Nf6 4.e5 Nd5 5.O-O Nc7 6.Bxc6 dxc6 7.d3 Bg4 8.Nc3 Ne6
9.h3 Bh5 10.Ne4 h6 11.Be3 b6 12.Ng3 Bxf3 13.Qxf3 Qd5 14.Qe4 Qxe4 15.Nxe4 f5
16.exf6 exf6 17.g4 h5 18.Kg2 O-O-O 19.Rae1 Nd4 20.Bxd4 Rxd4 21.f3 c4 22.dxc4 Rxc4
23.c3 Ra4 24.a3 Ra5 25.Ng3 h4 26.Nf5 Kd7 27.Rd1+ Rd5 28.c4 Rxd1 29.Rxd1+ Kc7
30.Nd4 Kd6 31.b4 a6 32.a4 g6 33.Nb5+ Ke5 34.Re1+ Kf4 35.Nc7 Kg5 36.Nxa6 Bd6
37.b5 cxb5 38.Rd1 Be5 39.axb5 Rc8 40.Rc1 Bb2 41.Rc2 Ba3 42.Kf2 Kf4 43.c5 Bxc5+
44.Nxc5 bxc5 45.b6 Rb8 46.Rc4+ Ke5 47.Rxc5+ Kd6  1/2-1/2

[Event "Cansys GM-Nov"]
[Site "Budapest"]
[Date "1991.??.??"]
[Round "8"]
[White "Kochyev, Alexander"]
[Black "Berebora, Ferenc"]
[Result "1/2-1/2"]
[WhiteElo "2500"]
[BlackElo "2310"]

1.Nf3 c5 2.e4 Nc6 3.Bb5 d6 4.O-O Bd7 5.c3 Nf6 6.Re1 a6 7.Ba4 c4 8.d4 cxd3
9.Qxd3 e6 10.Bc2 Ne5 11.Nxe5  1/2-1/2

[Event "Autoteam"]
[Site "Budapest"]
[Date "1991.??.??"]
[Round "11"]
[White "Zagrebelny, Sergey"]
[Black "Drasko, Milan"]
[Result "1-0"]
[WhiteElo "2450"]
[BlackElo "2495"]

1.e4 c5 2.Nf3 Nc6 3.Bb5 e6 4.Bxc6 bxc6 5.O-O Ne7 6.Re1 Ng6 7.e5 f6 8.exf6 Qxf6
9.Nc3 d5 10.d4 cxd4 11.Bg5 Qf5 12.Qxd4 h6 13.Bd2 Qf6 14.Qa4 Bd7 15.Qa6 Be7
16.Qb7 Rd8 17.Nd1 e5 18.Ba5 Rc8 19.Qxa7 e4 20.Bc3 Qd6 21.Nd2 c5 22.Ne3 O-O
23.Nxe4 Qc6 24.Nxd5 Bd8 25.Rad1 Rf7 26.f3 Nh4 27.Nd6 Qxd6 28.Ne7+ Bxe7 29.Rxd6 Bxd6
30.Rd1 Rc6 31.Rxd6  1-0

[Event "GEBA"]
[Site "Buenos Aires"]
[Date "1991.??.??"]
[Round "2"]
[White "Schweber, Samuel"]
[Black "Spangenberg, Hugo"]
[Result "0-1"]
[WhiteElo "2375"]
[BlackElo "2220"]

1.e4 c5 2.Nf3 Nc6 3.Bb5 g6 4.O-O Bg7 5.Re1 Nf6 6.Nc3 O-O 7.e5 Ne8 8.d3 Nc7
9.Bxc6 dxc6 10.h3 Ne6 11.a4 Nd4 12.a5 Be6 13.Bf4 Bd5 14.Nxd4 cxd4 15.Nxd5 Qxd5
16.Qd2 Qb5 17.b3 Rad8 18.Ra4 Rd5 19.e6 f5 20.Qb4 Bf6 21.Qd2 Qc5 22.g3 Be5
23.Bxe5 Rxe5 24.Rxe5 Qxe5 25.f4 Qd5 26.Ra1 Rf6 27.Re1 Rxe6 28.Rxe6 Qxe6 29.Kf2 c5
30.c4 Kf7 31.h4 Kf6 32.Qc1 Qd6 33.Qd2 b6 34.a6 Qe6 35.Qd1 Qe3+ 36.Kg2 h6
37.Kh2 Qf2+ 38.Kh3 g5 39.hxg5+ hxg5 40.fxg5+ Kxg5 41.Qh1 Qe2 42.Qa8 Qf1+
43.Kh2 Kg4 44.Qg8+ Kf3 45.Qd5+ Ke3 46.Qe5+ Kxd3 47.Qc7 Qf2+  0-1

[Event "Buenos Aires Konex"]
[Site "Buenos Aires"]
[Date "1991.??.??"]
[Round "2"]
[White "Zarnicki, Pablo"]
[Black "Tossutti, Juan C"]
[Result "1-0"]
[WhiteElo "2390"]
[BlackElo "2230"]

1.e4 c5 2.Nf3 Nc6 3.Bb5 e6 4.O-O Nge7 5.Re1 a6 6.Bf1 d5 7.exd5 Nxd5 8.d4 Nf6
9.Be3 cxd4 10.Nxd4 Nxd4 11.Bxd4 Bd7 12.Nd2 Be7 13.Nc4 Bb5 14.Nb6 Rb8 15.Bxb5+ axb5
16.Qd3 O-O 17.Bxf6 Bxf6 18.Nd7 Bxb2 19.Rab1 Qa5 20.Nxb8 Rxb8 21.Red1 Bf6
22.Rxb5 Qa7 23.Qd6 Rf8 24.Qc7 Qxa2 25.Rxb7 g6 26.Rb8 Rxb8 27.Qxb8+ Kg7 28.Qb3 Qa7
29.Qd3 h5 30.c4 h4 31.Qd6 g5 32.c5 Be7 33.Qd4+ e5 34.Qxe5+ f6 35.Qf5 Qxc5
36.Qxc5 Bxc5 37.Rd5 Ba3 38.f4 Kg6 39.fxg5 fxg5 40.h3 Bc1 41.Kf2 Bf4 42.Kf3 Kh5
43.Ke4 Kg6 44.Ra5 Bc1 45.Ra6+ Kh5 46.Kf5 Bd2 47.Ra8 Bc3 48.Rg8  1-0

[Event "Buenos Aires Konex"]
[Site "Buenos Aires"]
[Date "1991.??.??"]
[Round "3"]
[White "Kanefsck, Gustavo"]
[Black "Spangenberg, Hugo"]
[Result "1-0"]
[WhiteElo "2380"]
[BlackElo "2220"]

1.e4 c5 2.Nf3 Nc6 3.Bb5 g6 4.O-O Bg7 5.c3 Nf6 6.Re1 O-O 7.d4 cxd4 8.e5 Nd5
9.cxd4 d6 10.Nc3 dxe5 11.Bxc6 bxc6 12.Nxe5 e6 13.Ne4 Qb6 14.a4 a5 15.Ra3 Rd8
16.Qf3 Ra7 17.Rb3 Nb4 18.Nf6+ Kh8 19.Re4 Rxd4 20.Be3 Rxe4 21.Nxe4 Qc7 22.Bxa7 Bxe5
23.Ng5 f6 24.Bc5 Nd5 25.h4 Qg7 26.Ne4 Qh6 27.g3 Qc1+ 28.Kh2 Qc4 29.Bd6 Bd4
30.Rb8 Qa6 31.Bc5 Be5 32.Bd6 Bd4 33.h5 Kg7 34.h6+ Kg8 35.Qd3  1-0

[Event "Buenos Aires Konex"]
[Site "Buenos Aires"]
[Date "1991.??.??"]
[Round "5"]
[White "Fernandez Murga, Roberto"]
[Black "Silva, Sebastain"]
[Result "0-1"]
[WhiteElo "2250"]
[BlackElo "2355"]

1.e4 c5 2.Nf3 Nc6 3.Bb5 g6 4.c3 Bg7 5.O-O Nf6 6.Re1 O-O 7.h3 Qb6 8.Bf1 d6
9.d3 Bd7 10.Nbd2 Qc7 11.a4 a6 12.d4 cxd4 13.cxd4 Nb4 14.Ra3 b5 15.a5 Rfc8
16.e5 Nfd5 17.exd6 exd6 18.Bd3 Nxd3 19.Rxd3 Qxa5 20.Ne4 Qb6 21.Bg5 b4 22.Qb3 Be6
23.Qa4 a5 24.Rdd1 Qc6 25.Qa1 a4 26.Rc1 Qa6 27.Bd2 h6 28.Ng3 a3 29.bxa3 bxa3
30.Red1 Rxc1 31.Bxc1 Qa4 32.Rd3 a2 33.Kh2 Qc2 34.Ra3 Rxa3 35.Bxa3 Qxf2 36.Nh1 Qc2
37.Ne1 Qb1 38.Bb2 Ne3 39.Nf2 d5 40.Bc3 Bf8 41.Qb2 Bd6+ 42.Kg1 Nc4 43.Qa1 Bb4  0-1

[Event "Buenos Aires Konex"]
[Site "Buenos Aires"]
[Date "1991.??.??"]
[Round "6"]
[White "Benko, Francisco"]
[Black "Schweber, Samuel"]
[Result "0-1"]
[WhiteElo "2260"]
[BlackElo "2375"]

1.e4 c5 2.Nf3 Nc6 3.Bb5 g6 4.O-O Bg7 5.Nc3 d6 6.d4 cxd4 7.Nxd4 Bd7 8.Be3 Nf6
9.f3 O-O 10.a4 Qc7 11.Nxc6 bxc6 12.Bc4 e6 13.Qd2 d5 14.Be2 a5 15.Rad1 Bc8
16.Qe1 Rb8 17.b3 Nd7 18.Na2 Ra8 19.Kh1 Ba6 20.Bxa6 Rxa6 21.Qd2 Nf6 22.Bc5 Re8
23.Qe2 Raa8 24.Nc1 Nd7 25.Bg1 f5 26.Qd2 fxe4 27.fxe4 Nf6 28.exd5 cxd5 29.Ne2 Ne4
30.Qd3 Nc3 31.Nxc3 Bxc3 32.Rf3 Rac8 33.Rdf1 Bg7 34.Qb5 Rb8 35.Qe2 d4 36.Qe4 Qb7
37.Qd3 Red8 38.Qc4 Qd5 39.Qe2 e5 40.Re1 Rbc8 41.h3 Qc6 42.Bh2 Rd5 43.Rf2 Bh6
44.Qe4 Be3 45.Rf6 Rd6 46.Qxc6 Rdxc6 47.Rxc6 Rxc6 48.Bxe5 Rxc2 49.Rd1 Rc5
50.Bh2 d3 51.Rxd3 Rc1+ 52.Bg1 Bxg1 53.g4 Bc5+ 54.Kg2 Re1 55.Kf3 Kf7 56.Rd5 Bb4
57.Rd7+ Re7 58.Rd4 g5 59.h4 gxh4 60.g5 Kg6 61.Kg4 Re5 62.Rc4 Rxg5+ 63.Kxh4 Rg1
64.Rc6+ Kf5 65.Rc7 Rh1+ 66.Kg3 Bd6+  0-1

[Event "Buenos Aires GP"]
[Site "Buenos Aires"]
[Date "1991.??.??"]
[Round "8"]
[White "Spangenberg, Hugo"]
[Black "Fraschini, Mariano"]
[Result "1-0"]
[WhiteElo "2220"]
[BlackElo "2350"]

1.e4 c5 2.Nf3 Nc6 3.Bb5 g6 4.O-O Bg7 5.Re1 Nf6 6.Nc3 O-O 7.e5 Ne8 8.Bxc6 dxc6
9.d3 Nc7 10.Ne4 b6 11.h3 Ne6 12.b3 Nd4 13.Bb2 f5 14.exf6 exf6 15.Nxd4 cxd4
16.Qf3 f5 17.Nd2 Bb7 18.Nc4 Qc7 19.Qe2 Rad8 20.Bc1 Rde8 21.Qxe8 Rxe8 22.Rxe8+ Kf7
23.Re2 b5 24.Nd2 c5 25.a4 a6 26.axb5 axb5 27.Nf3 Bxf3 28.gxf3 f4 29.Bd2 b4
30.Rae1 g5 31.Kg2 Qd7 32.Ra1 Bf6 33.Ree1 Qb7 34.Ra5 Be7 35.Rea1 h5 36.Ra7 Qb8
37.h4 g4 38.fxg4 hxg4 39.Kg1 Kf6 40.h5 Bf8 41.Ra8  1-0

[Event "Buenos Aires Najdorf"]
[Site "Buenos Aires"]
[Date "1991.??.??"]
[Round "8"]
[White "Ricardi, Pablo"]
[Black "Cifuentes Parada, Roberto"]
[Result "1-0"]
[WhiteElo "2435"]
[BlackElo "2510"]

1.e4 c5 2.Nf3 Nc6 3.Bb5 d6 4.O-O Bd7 5.c3 a6 6.Bxc6 Bxc6 7.d4 Bxe4 8.Re1 Nf6
9.Bg5 Bd5 10.Nbd2 c4 11.b3 b5 12.bxc4 bxc4 13.Nh4 Qd7 14.Rb1 h6 15.Bxf6 gxf6
16.Qh5 Qc6 17.Rb6 Qxb6 18.Qxd5 Rd8 19.Nf5 Qb5 20.Nxd6+ Rxd6 21.Qxd6 e6 22.Qc7 Qd7
23.Qb8+ Qd8 24.Qxd8+ Kxd8 25.Nxc4 Kc7 26.Rb1 Be7 27.Na5 Rc8 28.Kf1 Kd6 29.Rb6+ Kd5
30.Rb7 Bd8 31.Rd7+ Ke4 32.Nb7 Bc7 33.Nc5+ Kf5 34.Rxf7 Kg6 35.Rd7 Ba5 36.Nxe6 Bxc3
37.g3 Rb8 38.Nf4+ Kf5 39.Ke2 Rb2+ 40.Kf3 Rb5  1-0

[Event "Buenos Aires Konex"]
[Site "Buenos Aires"]
[Date "1991.??.??"]
[Round "9"]
[White "Spangenberg, Hugo"]
[Black "Valiente, Cristobal"]
[Result "0-1"]
[WhiteElo "2220"]
[BlackElo "2370"]

1.e4 c5 2.Nf3 Nc6 3.Bb5 g6 4.O-O Bg7 5.Re1 Nf6 6.Nc3 O-O 7.e5 Ne8 8.Bxc6 dxc6
9.h3 Nc7 10.d3 Ne6 11.Ne4 Qc7 12.Neg5 Rd8 13.Nxe6 Bxe6 14.Qe2 h6 15.b3 Rd7
16.Bb2 Rad8 17.Qe3 Rd5 18.a4 Bf5 19.Nh4 Bc8 20.Nf3 Kh7 21.Nd2 Bf5 22.Re2 Qd7
23.Qf4 g5 24.Qg3 Qe6 25.Nc4 Bg6 26.Rae1 b5 27.Ne3 Bxd3 28.cxd3 Rxd3 29.h4 Rxb3
30.hxg5 Rxb2 31.Rxb2 Bxe5 32.Qh4 Bxb2 33.g6+ Qxg6 34.Qxe7 Rg8 35.Qxc5 Qe4  0-1